NCAA D1 Men's Basketball Logos (All 364 teams) - Statistics

General Stats
  • This quiz has been taken 7,112 times
  • The average score is 228 of 364
Answer Stats
Picture Answer % Correct
Alabama
98%
Air Force
96%
Arizona
95%
Arkansas
95%
Arizona State
94%
Auburn
94%
Army
92%
Baylor
91%
Akron
90%
Appalachian State
89%
Boise State
88%
Boston College
88%
Brigham Young
88%
Alcorn State
87%
California
87%
Alabama A&M
86%
Arkansas State
85%
Ball State
85%
Clemson
84%
Colorado
84%
Duke
84%
Cincinnati
83%
Florida
83%
Georgia
83%
Buffalo
82%
Colorado State
82%
Florida State
82%
Georgia Tech
82%
Houston
82%
Illinois
82%
Indiana
82%
Iowa State
82%
Kansas
82%
Kentucky
82%
Brown
81%
Creighton
81%
Florida Atlantic
81%
Harvard
81%
Hawai'i
81%
Iowa
81%
Louisiana State
81%
Miami
81%
Michigan
81%
Michigan State
81%
Kansas State
80%
Louisville
80%
Maryland
80%
Dayton
79%
Gonzaga
79%
James Madison
79%
NC State
79%
Nebraska
79%
North Carolina
79%
American
78%
Boston
78%
Butler
78%
East Carolina
78%
Georgetown
78%
Iona
78%
Minnesota
78%
Mississippi
78%
Mississippi State
78%
Missouri
78%
Notre Dame
78%
Oregon
78%
Central Michigan
77%
Coastal Carolina
77%
Drake
77%
George Washington
77%
Grand Canyon
77%
Indiana State
77%
Liberty
77%
Louisiana Tech
77%
Memphis
77%
Navy
77%
Northwestern
77%
Oklahoma
77%
Oklahoma State
77%
Penn State
77%
Purdue
77%
Alabama State
76%
Charlotte
76%
Florida International
76%
George Mason
76%
Kent State
76%
La Salle
76%
Marquette
76%
Marshall
76%
Massachusetts Amherst
76%
Miami
76%
New Mexico
76%
North Dakota State
76%
Oregon State
76%
Pittsburgh
76%
Princeton
76%
Rutgers
76%
Abilene Christian
75%
Colgate
75%
Delaware
75%
Georgia State
75%
Kennesaw State
75%
Cornell
74%
Dartmouth
74%
Eastern Michigan
74%
Eastern Washington
74%
Florida Gulf Coast
74%
Fresno State
74%
Grambling State
74%
High Point
74%
Holy Cross
74%
Ohio State
74%
San Diego State
74%
South Carolina
74%
St John's
74%
Furman
73%
Jackson State
73%
Old Dominion
73%
Stanford
73%
Tennessee
73%
Texas
73%
Cal Poly
72%
DePaul
72%
Georgia Southern
72%
Jacksonville State
72%
Montana
72%
New Mexico State
72%
North Dakota
72%
Northern Illinois
72%
Rice
72%
Syracuse
72%
Texas A&M
72%
Albany
71%
Chattanooga
71%
Duquesne
71%
Idaho
71%
Louisiana Monroe
71%
Nevada
71%
Pennsylvania
71%
Rhode Island
71%
Richmond
71%
Southern Methodist
71%
Texas Christian
71%
Texas Tech
71%
Florida A&M
70%
Fordham
70%
Illinois State
70%
Montana State
70%
North Texas
70%
Providence
70%
South Florida
70%
St Mary's
70%
Temple
70%
Arkansas Pine Bluff
69%
Bowling Green State
69%
Connecticut
69%
Green Bay
69%
Loyola Chicago
69%
San Diego
69%
San Francisco
69%
Central Florida
68%
Middle Tennessee State
68%
San Jose State
68%
Tulane
68%
Citadel
67%
Missouri State
67%
Oral Roberts
67%
South Dakota State
67%
Utah State
67%
Lehigh
66%
Long Beach State
66%
McNeese State
66%
Northern Kentucky
66%
Omaha
66%
Troy
66%
Utah
66%
Vanderbilt
66%
Virginia
66%
Virginia Tech
66%
Elon
65%
Howard
65%
Northern Iowa
65%
Sam Houston State
65%
Seton Hall
65%
South Dakota
65%
Villanova
65%
Wake Forest
65%
Bryant
64%
California Los Angeles
64%
Columbia
64%
Delaware State
64%
Jacksonville
64%
Murray State
64%
South Carolina State
64%
Southern California
64%
UAB
64%
Washington
64%
West Virginia
64%
Bethune-Cookman
63%
Campbell
63%
Idaho State
63%
Ohio
63%
South Alabama
63%
Tennessee State
63%
Wisconsin
63%
Yale
63%
Charleston
62%
Portland State
62%
St Louis
62%
Texas State
62%
Washington State
62%
Xavier
62%
Bradley
61%
Detroit Mercy
61%
Louisiana
61%
Pepperdine
61%
St Peters
61%
Western Kentucky
61%
Long Island
60%
Mercer
60%
Robert Morris
60%
Samford
60%
Toledo
60%
Denver
59%
Northern Arizona
59%
Southern Illinois
59%
Tennessee Tech
59%
Wyoming
59%
Belmont
58%
East Tennessee State
58%
Fairleigh Dickinson
58%
Kansas City
58%
Lipscomb
58%
Sacramento State
58%
Austin Peay State
57%
Cleveland State
57%
Morehead State
57%
Southern Miss
57%
UC Santa Barbara
57%
Vermont
57%
Bucknell
56%
Cal Baptist
56%
Maine
56%
St Josephs
56%
Texas San Antonio
56%
Wichita State
56%
Davidson
55%
Norfolk State
55%
North Carolina A&T
55%
Portland
55%
Southern
55%
Stephen F Austin
55%
St Francis
55%
UC Irvine
55%
William & Mary
55%
Gardner-Webb
54%
Oakland
54%
Santa Clara
54%
Texas El Paso
54%
Western Michigan
54%
Central Arkansas
53%
Marist
53%
Bellarmine
52%
Drexel
52%
Evansville
52%
Fairfield
52%
Hofstra
52%
Incarnate Word
52%
Mount St Marys
52%
Stetson
52%
St Thomas
52%
Cal State Fullerton
51%
Wofford
51%
Central Connecticut State
50%
Houston Christian
50%
Lamar
50%
Loyola Marymount
50%
Mississippi Valley State
50%
Tarleton State
50%
Texas Southern
50%
Youngstown State
50%
Eastern Illinois
49%
Merrimack
49%
New Jersey Institute of Technology
49%
Nicholls State
49%
Prairie View A&M
49%
Sacred Heart
49%
Virginia Commonwealth
49%
Lafayette
48%
Monmouth
48%
Northern Alabama
48%
Presbyterian
48%
South Carolina Upstate
47%
Tulsa
47%
UC San Diego
47%
Valparaiso
47%
Manhattan
46%
Rider
46%
Southern Utah
46%
Lindenwood
45%
Winthrop
45%
Charleston Southern
44%
Eastern Kentucky
44%
IU Indianapolis
44%
Northeastern
44%
UNC Greensboro
44%
Pacific
43%
Southern Indiana
43%
St Bonaventure
43%
Weber State
43%
Chicago State
42%
Longwood
42%
New Orleans
42%
Coppin State
41%
Northern Colorado
41%
Northwestern State
41%
Radford
41%
Texas A&M Corpus Christi
41%
UNC Wilmington
41%
Virginia Military Institute
41%
Nevada Las Vegas
40%
Purdue Fort Wayne
40%
Queens
40%
Quinnipiac
40%
Stony Brook
40%
UC Davis
40%
Canisius
39%
Hampton
39%
Loyola-Maryland
39%
New Hampshire
39%
Seattle
39%
Towson
39%
Binghamton
37%
Little Rock
37%
Maryland Baltimore County
37%
Mercyhurst
37%
Cal Baker
36%
Morgan State
36%
East Texas A&M
35%
Milwaukee
35%
Stonehill
35%
Wagner
35%
North Carolina Central
34%
Siena
34%
Southern Illinois Edwardsville
33%
Tennessee Martin
33%
Texas Rio Grande Valley
33%
Illinois Chicago
32%
Le Moyne
32%
Utah Tech
32%
Western Illinois
32%
West Georgia
32%
Cal State Northridge
31%
UNC Asheville
31%
Massachusetts Lowell
29%
Utah Valley
29%
Wright State
29%
Maryland Eastern Shore
28%
Southeast Missouri State
28%
Western Carolina
28%
Niagara
26%
North Florida
26%
Texas Arlington
25%
Southeastern Louisiana
23%
UC Riverside
23%
No matching quizzes found
Score Distribution
Percent of People with Each Score
Percentile by Number Answered
Your Score History
You have not taken this quiz